School Jeopardy Quiz Stats

 Plays Quiz not verified by Sporcle

Challenge
Share
Tweet
Embed
Score 0/30 Timer 15:00
0 Plays Today
Question Answer % Correct
Science
100%
Geography
98.4%
Mathematics
98.4%
Life
98.4%
Miscellaneous
98.4%
Where is the cranium?Brain
62.5%
Name a state in the U.S. that begins with A.Alaska
60.2%
How do you contact emergency services? (number form)911
60.2%
Name a basic color that is not in the rainbow.Black
59.4%
A negative number times a positive number equals what kind of number?Negative
57%
2:1 is an example of a what?Ratio
53.9%
What two pen colors are the most acceptable by teachers and professors?Black and blue
53.9%
What should you do when the traffic light turns yellow?*Slow down
53.1%
What is the strongest force on Earth?Gravity
51.6%
Name an astrological star sign.Scorpio
51.6%
Question Answer % Correct
Name a form of math.*Algebra
50.8%
What is the capital of Russia?Moscow
50%
What is the default font on most Word or Open Office programs?Times New Roman
50%
What is the absolute value of negative three (|-3|)?Three
46.1%
What colors are China's flag?Red and yellow
43%
Two places to the right of the decimal is what place?Hundredth
39.1%
What element is Sn?Tin
38.3%
What natural-occurring eye color is the least common?Violet
33.6%
Name a country that was part of Yugoslavia.Montenegro
27.3%
What are the Northern Lights?Aurora Borealis
25%
What is a country whose flag does not contain any red, white, or blue?*Jamaica
18.8%
Name one of Eevee's eight Eeveelutions in Pokemon.*Espeon
18.8%
What is the powerhouse of the cell?Mitochrondria
15.6%
What do we call the classification of living things?*Taxonomy
14.1%
What is the most common name in the world?Mohammad
14.1%

You're not logged in!

Compare scores with friends on all Sporcle quizzes.
Join for Free
OR
Log In

You Might Also Like...

Show Comments

Extras

Top Quizzes Today


Score Distribution

Your Account Isn't Verified!

In order to create a playlist on Sporcle, you need to verify the email address you used during registration. Go to your Sporcle Settings to finish the process.

Report this User

Report this user for behavior that violates our Community Guidelines.

Details: